AAC Football Champions - Statistics

General Stats
  • This quiz has been taken 12 times
    7 since last reset
  • The average score is 7 of 9
Answer Stats
Question Answer % Correct
2015
86%
2018
86%
2020
86%
2021
86%
2022
86%
2023
86%
2016
71%
2017
71%
2019
57%
No matching quizzes found
Score Distribution
Percent of People with Each Score
Percentile by Number Answered
Your Score History
You have not taken this quiz since the last reset